NPB プロ野球(2024) スタメンでDH(指名打者)起用された選手名 - Statistics

General Stats
  • This quiz has been taken 227 times
  • The average score is 43 of 90
Answer Stats
球団名 選手名 % Correct
広島 佐藤啓介
85%
西武 佐藤龍世
85%
ソフトバンク 中村晃
81%
西武 中村剛也
81%
ソフトバンク 柳田悠岐
79%
ソフトバンク 山川穂高
79%
ソフトバンク 近藤健介
79%
日本ハム F.レイエス
78%
日本ハム 万波中正
77%
巨人 坂本勇人
75%
ロッテ N.ソト
75%
オリックス 森友哉
74%
DeNA 牧秀悟
72%
ヤクルト 村上宗隆
72%
ロッテ G.ポランコ
72%
日本ハム 清宮幸太郎
70%
楽天 浅村栄斗
69%
ヤクルト D.サンタナ
69%
日本ハム 野村佑希
67%
西武 野村大樹
67%
中日 細川成也
65%
オリックス 西川龍馬
65%
DeNA T.オースティン
65%
西武 外崎修汰
63%
DeNA 宮﨑敏郎
62%
ヤクルト 山田哲人
62%
中日 中田翔
58%
西武 栗山巧
58%
楽天 M.フランコ
58%
巨人 大城卓三
57%
日本ハム 松本剛
57%
日本ハム 郡司裕也
57%
阪神 前川右京
56%
オリックス 頓宮裕真
56%
オリックス 杉本裕太郎
56%
日本ハム A.マルティネス
55%
DeNA 筒香嘉智
54%
楽天 安田悠馬
53%
阪神 J.ミエセス
52%
西武 J.アギラー
52%
日本ハム 水谷瞬
50%
中日 石川昂弥
49%
ロッテ 石川慎吾
49%
広島 坂倉将吾
48%
ロッテ 角中勝也
48%
楽天 鈴木大地
48%
西武 鈴木将平
48%
日本ハム 田宮裕涼
47%
楽天 辰見鴻之介
46%
広島 小園海斗
45%
ソフトバンク A.ウォーカー
45%
西武 F.コルデロ
45%
広島 松山竜平
43%
楽天 島内宏明
43%
ロッテ 荻野貴司
42%
オリックス 中川圭太
42%
巨人 岸田行倫
41%
オリックス L.セデーニョ
41%
楽天 阿部寿樹
40%
ソフトバンク 正木智也
37%
阪神 原口文仁
36%
楽天 伊藤裕季也
36%
日本ハム A.スティーブンソン
35%
阪神 糸原健斗
32%
巨人 長野久義
29%
ソフトバンク 吉田賢吾
28%
ソフトバンク 井上朋也
28%
西武 蛭間拓哉
28%
オリックス 西野真弘
27%
中日 福永裕基
26%
西武 山村崇嘉
26%
西武 平沼翔太
26%
日本ハム 加藤豪将
25%
中日 A.ディカーソン
25%
広島 石原貴規
23%
日本ハム 今川優馬
23%
西武 村田怜音
22%
西武 A.ガルシア
22%
ソフトバンク 石塚綜一郎
21%
楽天 茂木栄五郎
20%
ヤクルト 青木宣親
19%
ロッテ 寺地隆成
18%
阪神 豊田寛
17%
広島 羽月隆太郎
17%
広島 宇草孔基
16%
西武 ブランドン
16%
西武 牧野翔矢
15%
オリックス C.トーマス
14%
西武 高木渉
10%
オリックス 内藤鵬
7%
No matching quizzes found
Score Distribution
Percent of People with Each Score
Percentile by Number Answered
Your Score History
You have not taken this quiz